00520nam a2200193 a 450000100060000000300080000600500170001400800410003103500190007204000320009104100080012308200240013110000320015524500480018726000300023530000210026565000110028665100290029768939BD-RjUL20211209081830.0860101s1929 enk 000 0 eng d a(BD-RjUL)69150 aITDcITDdEQOdBD-RjULbeng aeng 223a915.4bMAS 19291 aMayo, Katherined1868-1940.10aSlaves of the gods /cby Katherine Mayo ... aLondon :bJ. Cape,cc1929 a246 p. ;c20 cm. aIndia  0aIndiaxSocial conditions